| 000 | 00647nam a2200193 i 4500 | ||
|---|---|---|---|
| 001 | 141464 | ||
| 003 | ES-MaACL | ||
| 005 | 20250819063102.0 | ||
| 007 | t| | ||
| 008 | 070924s1971 sp ||||1| spa d | ||
| 100 | 1 |
_aVogt, Ernest, _d1903-1984 _9115663 |
|
| 245 | 1 | 0 |
_aFabricación de vinos / _cErnst Vogt ; traducido por Silvia Herberg Hurtag ; revisión a cargo de Antonio López Pérez. |
| 260 |
_aZaragoza : _bAcribia, _c[1971] |
||
| 300 |
_a292 p. : _bil. ; _c25 cm. |
||
| 700 | 1 |
_aHerberg Hurtag, Silvia. _962654 |
|
| 700 | 1 |
_aLópez Pérez, Antonio. _973883 |
|
| 852 |
_aES-MaACL _jC-43476 _bR.80423 |
||
| 999 |
_c141464 _d141464 |
||